00843nam a22002415a 450000500170000000800410001702000150005804000380007308200210011110000220013224500870015425000120024126000430025330000330029650400310032954100390036065000340039965100100043365300220044394200080046599900170047395201110049020180128152349.0180128s1994 ua a frb 000 0 eng d a9770074895 aEG-ScBUEbengcEG-ScBUEdEG-ScBUE04222a670.285bMID1 aMidany, Tawfik T.10aComputer automated manufacturing and flexible technologies /cTawfik T. El-Midany. a1st ed. a[Cairo :bTawfik T. El-Midany],c1994. avi, 364 p. :bill. ;c24 cm. aBibliography : p. 359-364. aDonation from Tawfik T. El-Midany. 72BUEsh94408aCAD/CAM systems. 2BUEsh bGGENcJanuary2018 2ddc c26027d25999 00102ddc4070aMAINbMAINc1STd2018-01-28eDonationl0o670.285 MIDp000047190r2025-07-15 00:00:00yBB